000 02296cam a22004934i 4500
003 PE-LiUPU
005 20250731180137.0
008 150625s r 000 0 d
035 _a(Sirsi) a39727
040 _aPE-LiUPU
_bspa
_cPE-LiUPU
_erda
082 0 4 _a543
_bS65
_221
100 1 _aSogorb Sánchez, Miguel Ángel ,
_eautor.
245 1 0 _aTécnicas analíticas de contaminantes químicos :
_baplicaciones toxicológicas, medioambientales y alimentarias /
_cMiguel Ángel Sogorb Sánchez y Eugenio Vilanova Gisbert.
264 1 _aMadrid :
_bDiaz de Santos,
_c2004.
300 _a305 páginas :
_bilustraciones ;
_c24 cm.
336 _atext
_2rdacontent
337 _aunmediated
_2rdamedia
338 _avolume
_2rdacarrier
504 _aIncluye bibliografía.
505 0 _aEtapas de un análisis cuantitativo. -Preparación de muestras. -Técnicas de valoración. -Métodos de análisis por valoración. -Técnicas espectroscópicas. -Técnicas espectroscópicas. -Espectroscopía atómica. -Técnicas de separación. -Introducción a la cromatografía. -Tipos de cromatografía de líquidos. -Cromatografía en capa fina. -Cromatografía de líquidos de alta resolución (HPLC). -Cromatografía de gases (GC). -Electroforesis capilar (CE). -Espectrometría de masas. -Espectrometría de masas (MS). -Química analítica y calidad. -La calidad en los laboratorios de Química Analítica. .
526 _aSEG44
526 _aSEG26
526 _aP159
526 _aP155
526 _aP154
526 _aP153
526 _aP150
526 _aP100
526 _aP31
526 _aP30
526 _aP26
526 _aP25
526 _aP24
526 _aP22
526 _aP15
526 _aP10
541 _g003-001016;
650 0 4 _aQuímica Análitica.
910 _blch
_clch
_d20090320
942 _2ddc
_cBOOK
949 _a543 S65
_wDEWEY
_c1
_i59344
_lCCODEBUL1
_mBUL
_p73.00
_r0
_sY
_tBOOK
_u2015-06-25
_xINGENIERIA
_PP06
_0COMPRA
_o.STAFF. Colección General
596 _a1
999 _a543 S65
_wDEWEY
_c48133
_i59344
_d48133
_e2016-6-15
_f2021-11-9
_g7
_lCCODEBUL1
_mBUL
_n3
_p73.00
_q3
_r0
_sY
_tBOOK
_u2015-6-25
_xINGENIERIA
_PP06
_0COMPRA
_o.STAFF. Colección General
980 _81
_gALBERTO SANCHEZ Responsable de Automatización